| Tag |
First Indicator |
Second Indicator |
Subfields |
| LEADER |
00000cam a2200000 i 4500 |
| 001 |
in00000050869 |
| 005 |
20151007073929.0 |
| 008 |
790411s1978 wiua j 00011 eng |
| 010 |
|
|
|a 77078598
|
| 020 |
|
|
|a 0870540823 :
|c $8.95
|
| 035 |
|
|
|a (OCoLC)04166651
|
| 035 |
|
|
|9 AAF0641AM
|
| 040 |
|
|
|a DLC
|c DLC
|d TXA
|d UtOrBLW
|
| 049 |
|
|
|a TXAS
|c [1102530]
|
| 050 |
0 |
0 |
|a PZ7.E3468
|b Bo
|
| 082 |
0 |
|
|a [Fic]
|
| 100 |
1 |
|
|a Eisenstein, Phyllis,
|d 1946-
|
| 245 |
1 |
0 |
|a Born to exile /
|c Phyllis Eisenstein ; ill. by Stephen E. Fabian.
|
| 264 |
|
1 |
|a Sauk City, Wis. :
|b Arkham House,
|c 1978.
|
| 300 |
|
|
|a 202 pages :
|b illustrations ;
|c 20 cm.
|
| 336 |
|
|
|a text
|b txt
|2 rdacontent
|
| 337 |
|
|
|a unmediated
|b n
|2 rdamedia
|
| 338 |
|
|
|a volume
|b nc
|2 rdacarrier
|
| 490 |
0 |
|
|a Arkham House science fiction novel
|
| 520 |
|
|
|a The solitary wanderings of a minstrel with preternatural powers lead him to many adventures before he is ultimately restored to his supernatural antecedents, the Lords of All Power.
|
| 650 |
|
1 |
|a Fantasy.
|
| 700 |
1 |
|
|a Fabian, Stephen E.,
|d 1930-
|
| 999 |
|
|
|a MARS
|
| 999 |
f |
f |
|s b9a8e132-90f9-3f25-9625-d7f920aa348e
|i 32296be6-8c01-3e6b-bc70-c82ce1e2e101
|t 0
|
| 952 |
f |
f |
|p noncirc
|a Texas A&M University
|b College Station
|c Cushing Memorial Library & Archives
|d Cushing: Science Fiction (Does not check out)
|t 0
|e PZ7.E3468 Bo
|h Library of Congress classification
|i unmediated -- volume
|m A14800455456
|
| 998 |
f |
f |
|a PZ7.E3468 Bo
|t 0
|l Cushing: Science Fiction (Does not check out)
|